000 00734caa a2200169 4500
999 _c443052
_d443052
003 UA-OsUOA
005 20191203095629.0
008 191203b un ||||| |||| 00| 0 ukr d
040 _aUA-OsUOA
_bukr
_cUA-OsUOA
_dUA-OsUOA
041 _aukr
080 _a908
090 _a908
245 _a Відзнака Державного історико-культурного заповідника м. Острога
300 _aС. 518
773 0 _0366895
_9390170
_dОстрог Свинарчук Р. В. 2011
_o136211
_tІсторія музейництва, пам'яткоохоронної справи, краєзнавства і туризму в м. Острозі і на Волині
_w(UA-OsUOA) 80586
942 _2udc
_cBKA